Countries with the lowest TFR - Sudden Death - Statistics

General Stats
  • This quiz has been taken 43 times
  • The average score is 4 of 9
Answers on the Grid
Answers color-coded by a green-red scale on the quiz's grid according to % correct below.
Nigeria
Taiwan
India
Vanatu
Moldova
Ukraine
Belize
Honduras
Singapore
South Korea
Thailand
Brunei
East Timor
Spain
Portugal
Hong Kong
Italy
Guyana
Poland
Austria
 
Answer Stats
Answer % Correct
Taiwan
67%
South Korea
58%
Singapore
50%
Italy
42%
Moldova
42%
Ukraine
42%
Hong Kong
33%
Spain
33%
Poland
17%
No matching quizzes found
Score Distribution
Percent of People with Each Score
Percentile by Number Answered
Your Score History
You have not taken this quiz